00342nam a2200133 a 45000010010000000030011000100080041000210350026000620820013000881000020001012450037001212600037001586500013001950000-8743ELIB.Books110520 1986  a(ELIB.Books)0000-8889 a230 bD' aD' Costa, Gavin aTheology and Religious Pluralism bNew York: Basil Blackwell c1986 aTheology